Catálogo
 En Linea

El nuevo milenio del futbol soccer : (Registro nro. 45260)

Detalles MARC
000 -CABECERA
campo de control de longitud fija 00527nam a2200157 a 4500
001 - NÚMERO DE CONTROL
campo de control 000045771
005 - FECHA Y HORA DE LA ÚLTIMA TRANSACCIÓN
campo de control 20201002052432.0
008 - DATOS DE LONGITUD FIJA--INFORMACIÓN GENERAL
campo de control de longitud fija 150511sxxu mx a 000 0 spa d
040 ## - FUENTE DE LA CATALOGACIÓN
Centro catalogador/agencia de origen DO-SdBNP
Lengua de catalogación spa
Centro/agencia transcriptor BNPHU
082 ## - NÚMERO DE LA CLASIFICACIÓN DECIMAL DEWEY
Número de clasificación xxxx
Número de documento/Ítem xxxx
100 1# - ENTRADA PRINCIPAL--NOMBRE DE PERSONA
Nombre de persona García Llano, Antonio Vicente
9 (RLIN) 73855
245 13 - MENCIÓN DE TÍTULO
Título El nuevo milenio del futbol soccer :
Resto del título con una remota y poderosa concepción del hombre /
Mención de responsabilidad, etc. Antonio Vicente García Llano.
250 ## - MENCIÓN DE EDICIÓN
Mención de edición 3ª ed
260 ## - PUBLICACIÓN, DISTRIBUCIÓN, ETC.
Lugar de publicación, distribución, etc. Cancún, México :
Nombre del editor, distribuidor, etc. s. n.,
Fecha de publicación, distribución, etc. s. f.
300 ## - DESCRIPCIÓN FÍSICA
Extensión 234 P. :
Otras características físicas il. ;
Dimensiones 23 cm.
Existencias
Estado de retiro Estado de pérdida Restricciones de uso No para préstamo Código de colección Localización permanente Ubicación/localización actual Ubicación en estantería Fecha de adquisición Número de inventario Total de préstamos Signatura topográfica completa Código de barras Fecha visto por última vez Precio válido a partir de Tipo de ítem Koha Número de copia
      Excluido de préstamo Monografías: Libros y Folletos Patrimonio Dominicano Patrimonio Dominicano En catalogación 11.05.2015 LF1   xxxx xxxx 45771-10 25.06.2020 25.06.2020 No se presta  
      Excluido de préstamo Monografías: Libros y Folletos Patrimonio Dominicano Patrimonio Dominicano En catalogación 11.05.2015 LF1   xxxx xxxx 45771-20 25.06.2020 25.06.2020 No se presta e. 2
  Extraviado   Excluido de préstamo Monografías: Libros y Folletos Patrimonio Dominicano Patrimonio Dominicano Extraviado 11.05.2015 LF1   xxxx xxxx 45771-30 25.06.2020 25.06.2020 No se presta e. 3

Con tecnología Koha